[Event "ICS rated blitz match"]
[Site "204.178.125.65"]
[Date "1999.10.13"]
[Round "?"]
[White "dk2"]
[Black "Hossa"]
[Result "1-0"]
[WhiteElo "2427"]
[BlackElo "2411"]
[PlyCount "191"]
[EventDate "1999.??.??"]

1. d4 Nf6 2. c4 c5 3. d5 e6 4. Nc3 exd5 5. cxd5 d6 6. e4 g6 7. f4 Bg7 8. Bb5+
Nfd7 9. a4 O-O 10. Nf3 f5 11. exf5 Rxf5 12. O-O Nb6 13. Re1 Bd7 14. Bd3 Rf8 15.
a5 Nc8 16. Ng5 Bd4+ 17. Kh1 Re8 18. Bd2 b6 19. Ne6 Bxe6 20. dxe6 d5 21. Qf3 Ne7
22. axb6 Nbc6 23. bxa7 c4 24. Bc2 Bxa7 25. Ba4 Nd4 26. Qg4 Rf8 27. Nb5 Bc5 28.
Nxd4 Bxd4 29. Bc3 Bf6 30. Rf1 d4 31. Bb4 Qb6 32. Bxe7 Bxe7 33. f5 Rf6 34. Qe2
Qb4 35. fxg6 Rxg6 36. Bd7 Rxa1 37. Rxa1 d3 38. Qf2 Rf6 39. Qd4 Rf8 40. Rc1 Bf6
41. Qg4+ Bg7 42. b3 d2 43. Rd1 Rf2 44. bxc4 Qc5 45. h3 Qe5 46. Rg1 Qe3 47. Kh2
Kh8 48. Ba4 Re2 49. Qh4 Qxe6 50. Qd8+ Qg8 51. Qd3 Rf2 52. Qe3 Rf6 53. Qxd2 Qxc4
54. Be8 Qc7+ 55. Kh1 Qg3 56. Bc6 Rf8 57. Qe1 Be5 58. Qxg3 Bxg3 59. Rd1 Rf2 60.
Bb5 Rb2 61. Bf1 Rf2 62. Kg1 h5 63. Rd7 h4 64. Bc4 Rb2 65. Ba6 Kg8 66. Bd3 Kf8
67. Bc4 Rb1+ 68. Bf1 Kg8 69. Ra7 Rc1 70. Ra3 Kf7 71. Ra2 Re1 72. Rd2 Kf6 73.
Rd8 Ke7 74. Rd5 Ke6 75. Rh5 Bf4 76. Rxh4 Be3+ 77. Kh2 Bf2 78. Rh6+ Ke5 79. g4
Rxf1 80. Kg2 Rd1 81. Kxf2 Kf4 82. Rf6+ Ke5 83. g5 Rh1 84. Kg2 Re1 85. Rf7 Ke6
86. g6 Kd5 87. g7 Re2+ 88. Rf2 Re8 89. Rf8 Re2+ 90. Kf3 Rh2 91. g8=Q+ Kd4 92.
Qg4+ Kd5 93. Rf5+ Kc6 94. Qg6+ Kd7 95. Rf7+ Kc8 96. Qg8# {Hossa checkmated} 1-0

[Event "ICS rated blitz match"]
[Site "204.178.125.65"]
[Date "1999.10.03"]
[Round "?"]
[White "dk2"]
[Black "Hossa"]
[Result "1-0"]
[WhiteElo "2395"]
[BlackElo "2416"]
[PlyCount "92"]
[EventDate "1999.??.??"]

1. d4 Nf6 2. c4 e6 3. Nc3 Bb4 4. Qc2 O-O 5. Bf4 d5 6. e3 c5 7. Nf3 cxd4 8. Nxd4
Re8 9. Be5 Bxc3+ 10. Qxc3 Ne4 11. Qa3 Nd7 12. Bg3 Nxg3 13. hxg3 e5 14. Nb5 Nb6
15. c5 Nd7 16. Nxa7 Qg5 17. Bb5 Re6 18. Rd1 e4 19. Qa5 Nf8 20. Be2 Qe5 21. Rd4
Bd7 22. Rb4 Qb8 23. c6 Rxa7 24. c7 Qa8 25. Qxd5 Rxa2 26. O-O Rc6 27. Bc4 Be6
28. Qxc6 bxc6 29. Bxe6 Qe8 30. c8=Q Qxe6 31. Qxe6 fxe6 32. Rc1 Ra6 33. Rxe4 Rb6
34. Rc2 c5 35. Rd2 Rb7 36. Re5 Rc7 37. Rc2 c4 38. Re4 c3 39. Rxc3 Ra7 40. Rc8
Rd7 41. Rxe6 Rd1+ 42. Kh2 Rd2 43. f3 Kf7 44. Re4 Ne6 45. b4 Rb2 46. Rc6 46...
Ng5 {Hossa resigns} 1-0

[Event "ICS rated blitz match"]
[Site "204.178.125.65"]
[Date "1999.10.03"]
[Round "?"]
[White "dk2"]
[Black "Hossa"]
[Result "1-0"]
[WhiteElo "2349"]
[BlackElo "2462"]
[PlyCount "109"]
[EventDate "1999.??.??"]

1. e4 c5 2. Nf3 e6 3. d4 cxd4 4. Nxd4 Nf6 5. Nc3 d6 6. g4 h6 7. Bb5+ Bd7 8. a4
Be7 9. O-O O-O 10. Be3 Bxb5 11. axb5 Nbd7 12. f3 d5 13. exd5 Bc5 14. dxe6 fxe6
15. Kh1 Qe7 16. Qe2 Rad8 17. Nb3 Bxe3 18. Qxe3 Nb6 19. Rxa7 Nc8 20. Raa1 e5 21.
Rfd1 Nd7 22. Qe4 Nf6 23. Qg6 Rxd1+ 24. Rxd1 Qc7 25. Qd3 Kh8 26. h4 Qe7 27. g5
hxg5 28. hxg5 Nh5 29. Ne4 Qf7 30. Nbc5 Nf4 31. Qd2 Kg8 32. Qh2 Ne6 33. Rd3 Nd4
34. Qxe5 Nxf3 35. Qe6 Qxe6 36. Nxe6 Re8 37. N4c5 b6 38. Rxf3 bxc5 39. Nxc5 Kh7
40. Rg3 Re5 41. b4 Kg6 42. c3 Nb6 43. Kh2 Nd5 44. Kg2 Rxg5 45. Rxg5+ Kxg5 46.
Nd7 Nf4+ 47. Kf3 Kf5 48. b6 Nd5 49. b7 Nxc3 50. b8=Q Kg6 51. Qe8+ Kg5 52. Nf8
Kf6 53. Qe6+ Kg5 54. Qg6+ Kh4 55. Qg4# {Hossa checkmated} 1-0

[Event "ICS rated blitz match"]
[Site "204.178.125.65"]
[Date "1999.10.14"]
[Round "?"]
[White "dk2"]
[Black "Hossa"]
[Result "1-0"]
[WhiteElo "2334"]
[BlackElo "2374"]
[PlyCount "82"]
[EventDate "1999.??.??"]

1. e4 e5 2. Nf3 Nc6 3. Bc4 Nf6 4. d3 d5 5. exd5 Nxd5 6. O-O Bg4 7. Re1 Bb4 8.
c3 Be7 9. h3 Bxf3 10. Qxf3 Nf6 11. Bb5 Nd7 12. Nd2 O-O 13. Bxc6 bxc6 14. Qxc6
Bd6 15. Nc4 Qe7 16. d4 Rfd8 17. Bf4 f6 18. dxe5 Bxe5 19. Bg3 Qf7 20. f4 Bd6 21.
Nxd6 cxd6 22. Qxd6 Ne5 23. fxe5 Rxd6 24. exd6 Qb7 25. b3 Rd8 26. Re7 Qb6+ 27.
Kh1 Qa5 28. Rae1 Kf8 29. d7 Qb6 30. R1e6 Qa5 31. Re8+ Kf7 32. b4 Qg5 33. R6e7+
Kg6 34. Rxd8 Qxg3 35. Rg8 Kh6 36. d8=Q Qxc3 37. Rgxg7 Qc1+ 38. Kh2 Qf4+ 39. Rg3
Qf5 40. Qh8 a6 41. Qg7+ 41... Kh5 {Hossa resigns} 1-0

[Event "ICS rated blitz match"]
[Site "204.178.125.65"]
[Date "1999.10.03"]
[Round "?"]
[White "dk2"]
[Black "Hossa"]
[Result "1-0"]
[WhiteElo "2393"]
[BlackElo "2421"]
[PlyCount "127"]
[EventDate "1999.??.??"]

1. d4 Nf6 2. c4 c5 3. d5 e6 4. Nc3 exd5 5. cxd5 d6 6. e4 g6 7. Nf3 Bg7 8. Bg5
O-O 9. Bd3 Bg4 10. O-O Nbd7 11. Bf4 Qe7 12. h3 Bh5 13. g4 Nxg4 14. hxg4 Bxg4
15. Bg5 f6 16. Bf4 Ne5 17. Bxe5 fxe5 18. Be2 Rf4 19. Qd3 Raf8 20. Nh2 Bd7 21.
Qg3 Bf6 22. f3 Bh4 23. Qg2 Qd8 24. Kh1 Qf6 25. Bb5 Qe7 26. Bxd7 Qxd7 27. Ng4
Kh8 28. Rad1 c4 29. Ne3 b5 30. a4 a6 31. Ne2 R4f7 32. axb5 axb5 33. Nc3 Be7 34.
Ra1 Rf4 35. Ra5 b4 36. Ncd1 Rh4+ 37. Kg1 Rh5 38. Nf2 c3 39. Nfg4 Bg5 40. bxc3
bxc3 41. Ra3 Qc7 42. Rc1 Qf7 43. Rcxc3 Qf4 44. Ra6 Rd8 45. Rc7 Bh4 46. Rac6 Bg5
47. Rb7 Rh4 48. Nd1 Rh5 49. Nge3 Qh4 50. Kf1 Bxe3 51. Nxe3 Rg5 52. Qf2 Qh1+ 53.
Ke2 Rh5 54. Ng4 g5 55. Rcc7 Ra8 56. Qa7 Rf8 57. Rf7 Rxf7 58. Rxf7 Qg2+ 59. Nf2
Qxf2+ 60. Kxf2 Rh2+ 61. Ke3 Kg8 62. Qd7 Re2+ 63. Kxe2 h5 64. Qe8# {
Hossa checkmated} 1-0

[Event "ICS rated blitz match"]
[Site "204.178.125.65"]
[Date "1999.10.02"]
[Round "?"]
[White "dk2"]
[Black "Hossa"]
[Result "0-1"]
[WhiteElo "2384"]
[BlackElo "2395"]
[PlyCount "120"]
[EventDate "1999.??.??"]

1. e4 c5 2. Nf3 Nc6 3. d4 cxd4 4. Nxd4 Nf6 5. Nc3 d6 6. Bc4 e5 7. Nxc6 bxc6 8.
Be3 Be7 9. O-O O-O 10. Kh1 Ng4 11. Bc1 Rb8 12. a4 Bh4 13. g3 Bg5 14. b3 Bxc1
15. Rxc1 Nf6 16. f4 Bh3 17. Rf2 Ng4 18. Rf3 Qf6 19. Qg1 Rb7 20. f5 Qh6 21. Rd1
Rd8 22. a5 Rbd7 23. b4 Rb8 24. b5 cxb5 25. Nxb5 a6 26. Nc3 Nf6 27. Rb1 Ra8 28.
Bxa6 Qh5 29. Qf2 Ng4 30. Qe2 Nxh2 31. Re3 Nf3 32. Rxf3 Bf1+ 33. Kg1 Bxe2 34.
Bxe2 Rda7 35. Nd5 Qg5 36. a6 h5 37. Re3 Rxa6 38. Bxa6 Rxa6 39. Rb8+ Kh7 40. c4
Qg4 41. Rb1 h4 42. Nc3 Rc6 43. Rb4 hxg3 44. Kg2 Qf4 45. Rf3 Qd2+ 46. Kxg3 Qd4
47. Kg2 g5 48. Rh3+ Kg7 49. Rg3 Qd2+ 50. Kg1 Ra6 51. Rb1 Ra3 52. Rd1 Qc2 53.
Rxg5+ Kf8 54. Rxd6 Rxc3 55. Rg2 Qc1+ 56. Rd1 Qxd1+ 57. Kh2 Qe1 58. Rg4 Qf2+ 59.
Rg2 Qh4+ 60. Kg1 60... Rc1# {dk2 checkmated} 0-1

[Event "ICS rated blitz match"]
[Site "204.178.125.65"]
[Date "1999.09.22"]
[Round "?"]
[White "dosalfiles"]
[Black "Hossa"]
[Result "1-0"]
[WhiteElo "2032"]
[BlackElo "1978"]
[PlyCount "66"]
[EventDate "1999.??.??"]

1. d4 Nf6 2. c4 g6 3. Nc3 Bg7 4. e4 d6 5. f4 O-O 6. Nf3 c5 7. d5 Bg4 8. h3 Bxf3
9. Qxf3 e6 10. Be2 Nfd7 11. O-O exd5 12. exd5 a5 13. Bd2 Nb6 14. g4 Re8 15. Kg2
N8d7 16. Bd3 Qh4 17. Be1 Qe7 18. Bf2 h6 19. Rae1 Qf8 20. Rb1 f5 21. gxf5 gxf5
22. Kh1 Qf7 23. Rg1 Re7 24. Rg2 Nxc4 25. Bxc4 Kh8 26. Rbg1 Bf6 27. Rg6 Qxg6 28.
Rxg6 Bg7 29. Bh4 Ree8 30. Qh5 Re3 31. Rxh6+ Kg8 32. Bf2 Rae8 33. Bxe3 33...
Rxe3 {Hossa resigns} 1-0

[Event "ICS rated blitz match"]
[Site "204.178.125.65"]
[Date "1999.09.22"]
[Round "?"]
[White "dosalfiles"]
[Black "Hossa"]
[Result "1-0"]
[WhiteElo "2042"]
[BlackElo "2075"]
[PlyCount "62"]
[EventDate "1999.??.??"]

1. d4 d5 2. c4 c6 3. Nf3 Nf6 4. Nc3 dxc4 5. a4 Bf5 6. e3 e6 7. Bxc4 Bb4 8. O-O
Nbd7 9. Qe2 Ne4 10. Nxe4 Bxe4 11. Nd2 Bg6 12. e4 Nb6 13. Bd3 Qxd4 14. Nf3 Qd8
15. Rd1 a5 16. Ne5 O-O 17. Be3 Qh4 18. Bxb6 Bd6 19. Nf3 Qg4 20. e5 Bc5 21. Bxc5
Rfd8 22. Bd6 Bxd3 23. Rxd3 Qf4 24. Qe3 Qf5 25. Rd4 Qc2 26. Rf1 Ra6 27. Ng5 Rc8
28. Rh4 Rca8 29. Rxh7 Qf5 30. Qg3 Rb6 31. Qh4 31... Qxf2+ {Hossa resigns} 1-0

[Event "ICS rated blitz match"]
[Site "204.178.125.65"]
[Date "1999.08.31"]
[Round "?"]
[White "drunknstupid"]
[Black "Hossa"]
[Result "0-1"]
[WhiteElo "2239"]
[BlackElo "2542"]
[PlyCount "54"]
[EventDate "1999.??.??"]

1. e4 c6 2. Nc3 d5 3. Nf3 d4 4. Ne2 c5 5. c3 Nc6 6. cxd4 cxd4 7. Qa4 d3 8. Nf4
Bd7 9. Nxd3 e6 10. Qd1 Nf6 11. e5 Nd5 12. Be2 Be7 13. O-O O-O 14. a3 Rc8 15. b4
f6 16. exf6 Bxf6 17. Rb1 Nd4 18. Nxd4 Bxd4 19. Bb2 Bxb2 20. Nxb2 Qg5 21. Bf3
Bb5 22. d3 Nc3 23. Qb3 Nxb1 24. Qxe6+ Kh8 25. Rxb1 Rc1+ 26. Rxc1 Qxc1+ 27. Nd1
27... Re8 {drunknstupid resigns} 0-1

[Event "ICS rated blitz match"]
[Site "204.178.125.65"]
[Date "1999.10.15"]
[Round "?"]
[White "dwg6"]
[Black "Hossa"]
[Result "0-1"]
[WhiteElo "2328"]
[BlackElo "2407"]
[PlyCount "76"]
[EventDate "1999.??.??"]

1. c4 Nf6 2. Nc3 g6 3. g3 Nc6 4. Bg2 e5 5. a3 Bg7 6. b4 O-O 7. e4 d6 8. Nge2 a5
9. b5 Nd4 10. O-O Nd7 11. d3 f5 12. exf5 Rxf5 13. Nxd4 exd4 14. Ne4 Nb6 15. Qb3
Be6 16. Bh3 Kh8 17. Bxf5 Bxf5 18. Re1 Bh3 19. Bg5 Qf8 20. Qd1 h6 21. Bf4 d5 22.
Bxc7 dxe4 23. Bxb6 Qf6 24. Bc7 Qf7 25. b6 Rf8 26. Ra2 exd3 27. Qxd3 Rc8 28.
Rae2 Rf8 29. Bd6 Rd8 30. Be5 Rd7 31. Bxg7+ Kxg7 32. f3 Qf6 33. Re6 Bxe6 34. Qe4
Bxc4 35. Qe5 Qxe5 36. Rxe5 d3 37. Re1 d2 38. Rd1 38... Be2 {dwg6 resigns} 0-1

[Event "ICS rated blitz match"]
[Site "204.178.125.65"]
[Date "1999.09.21"]
[Round "?"]
[White "egya"]
[Black "Hossa"]
[Result "0-1"]
[WhiteElo "2140"]
[BlackElo "2176"]
[PlyCount "98"]
[EventDate "1999.??.??"]

1. e3 c5 2. b3 d5 3. Bb2 Nc6 4. Bb5 Nh6 5. f4 Bf5 6. Nf3 a6 7. Bxc6+ bxc6 8.
Ne5 e6 9. O-O Qh4 10. g3 Qh3 11. d3 Bd6 12. Nf3 Ng4 13. Qe2 f6 14. Nbd2 Bg6 15.
Rae1 O-O 16. Qg2 Qxg2+ 17. Kxg2 Rae8 18. e4 a5 19. h3 Nh6 20. Nh4 Bf7 21. f5
exf5 22. Nxf5 Nxf5 23. exf5 d4 24. Ne4 Bd5 25. Bc1 Re7 26. Bf4 Bxf4 27. Rxf4
Rfe8 28. Kf3 Kf7 29. g4 Re5 30. h4 R8e7 31. h5 Re8 32. Kg3 Kf8 33. Kf3 R8e7 34.
Re2 Kg8 35. c4 Bxe4+ 36. Rfxe4 Rxe4 37. dxe4 Re5 38. Kf4 h6 39. Rd2 Kf8 40. a3
Ke7 41. b4 axb4 42. axb4 Kd6 43. Kf3 cxb4 44. Rxd4+ Kc7 45. Rd7+ Kxd7 46. Ke3
b3 47. Kd4 b2 48. Kc3 b1=Q 49. c5 49... Qxe4 {egya resigns} 0-1

[Event "ICS rated blitz match"]
[Site "204.178.125.65"]
[Date "1999.10.12"]
[Round "?"]
[White "ekw"]
[Black "Hossa"]
[Result "0-1"]
[WhiteElo "2280"]
[BlackElo "2417"]
[PlyCount "118"]
[EventDate "1999.??.??"]

1. e4 e5 2. Nf3 Nc6 3. Bb5 a6 4. Ba4 Nf6 5. O-O b5 6. Bb3 Bb7 7. Re1 Bc5 8. c3
d6 9. d4 Bb6 10. Bg5 O-O 11. a4 Ba5 12. Nbd2 b4 13. d5 bxc3 14. bxc3 Nb8 15. c4
Nbd7 16. h3 c6 17. Re2 Rc8 18. Nf1 Nc5 19. Bc2 cxd5 20. cxd5 Bc3 21. Rb1 a5 22.
Ng3 Bb4 23. Re3 h6 24. Bh4 g5 25. Nxg5 Nxd5 26. exd5 hxg5 27. Bxg5 f6 28. Bh6
Rf7 29. Nf5 Qc7 30. Rg3+ Kh8 31. Bg7+ Rxg7 32. Rxg7 Qxg7 33. Nxg7 Kxg7 34. Qg4+
Kf8 35. Qg6 Nd7 36. Bf5 Rc7 37. Qh6+ Ke7 38. Qg7+ Kd8 39. Qg8+ Ke7 40. Qg7+ Kd8
41. Bxd7 Bxd5 42. Bf5 Rxg7 43. g4 Bc6 44. Rc1 Bxa4 45. Rc8+ Ke7 46. Rc7+ Kf8
47. Rc8+ Be8 48. h4 Rg8 49. h5 Kg7 50. Rc7+ Kh6 51. Rh7+ Kg5 52. Re7 Bxh5 53.
Rd7 Bxg4 54. Bxg4 Kxg4 55. Kf1 Kf4 56. Ke2 Rc8 57. Rb7 Rc2+ 58. Kf1 Kf3 59. Rf7
59... Rc1# {ekw checkmated} 0-1

[Event "ICS rated blitz match"]
[Site "204.178.125.65"]
[Date "1999.09.08"]
[Round "?"]
[White "ekw"]
[Black "Hossa"]
[Result "1-0"]
[WhiteElo "2195"]
[BlackElo "2488"]
[PlyCount "143"]
[EventDate "1999.??.??"]

1. e4 e5 2. Nf3 Qe7 3. Bc4 Nc6 4. O-O Qd8 5. d4 exd4 6. c3 dxc3 7. Nxc3 Nf6 8.
Qb3 Qe7 9. e5 Ng4 10. Bg5 Na5 11. Bxe7 Nxb3 12. Bxb3 Bxe7 13. h3 Nh6 14. g4 O-O
15. Nd5 Bd8 16. Rac1 c6 17. Ne3 Kh8 18. Kg2 f6 19. exf6 Rxf6 20. g5 Rxf3 21.
Kxf3 Bxg5 22. Rc5 d5 23. Kg2 Bd7 24. f4 Bf6 25. Rc2 Re8 26. Nd1 Nf5 27. Rd2
Ne3+ 28. Nxe3 Rxe3 29. Rf3 Rxf3 30. Kxf3 Bxh3 31. Bc2 Be6 32. b3 Kg8 33. f5 Bf7
34. Kf4 c5 35. Bd3 d4 36. Bc4 Bxc4 37. bxc4 Bd8 38. Ke4 b6 39. Kd5 Bc7 40. Re2
Kf7 41. Ke4 Kf6 42. Rf2 Bg3 43. Rf3 Be5 44. Rf1 Bd6 45. Rg1 Kf7 46. Rh1 Kg8 47.
Kd5 Be7 48. Ke6 Bg5 49. Rh3 Be3 50. Ke7 Kh8 51. Kf7 Bf4 52. f6 gxf6 53. Kxf6
Bc7 54. Kf7 Be5 55. Rh5 Bf4 56. Rh4 d3 57. Rxf4 h6 58. Rf3 Kh7 59. Rxd3 h5 60.
Kf6 a6 61. Kg5 Kg8 62. Kxh5 b5 63. Rd7 bxc4 64. Rc7 Kf8 65. Rxc5 Kg8 66. Rxc4
Kh8 67. Kg5 Kg8 68. Kf6 Kh7 69. Rg4 Kh8 70. Kf7 a5 71. a4 Kh7 72. Rh4# {
Hossa checkmated} 1-0

[Event "ICS rated blitz match"]
[Site "204.178.125.65"]
[Date "1999.09.21"]
[Round "?"]
[White "eldoran"]
[Black "Hossa"]
[Result "0-1"]
[WhiteElo "2290"]
[BlackElo "2399"]
[PlyCount "33"]
[EventDate "1999.??.??"]

1. e4 e5 2. Nf3 Nf6 3. d4 exd4 4. e5 Ne4 5. Qxd4 d5 6. exd6 Nxd6 7. Bf4 Nc6 8.
Qd1 Qf6 9. Bxd6 Bxd6 10. Nc3 Bb4 11. Qd2 O-O 12. Be2 Rd8 13. Qe3 Bg4 14. O-O
Re8 15. Qd2 Bxc3 16. bxc3 Rad8 17. Nd4 {eldoran resigns} 0-1

[Event "ICS rated blitz match"]
[Site "204.178.125.65"]
[Date "1999.09.02"]
[Round "?"]
[White "elvikingo"]
[Black "Hossa"]
[Result "0-1"]
[WhiteElo "2072"]
[BlackElo "2496"]
[PlyCount "43"]
[EventDate "1999.??.??"]

1. e4 c5 2. Nf3 d6 3. d4 cxd4 4. Nxd4 Nf6 5. Nc3 g6 6. Be3 Bg7 7. f3 O-O 8. Qd2
d5 9. e5 Nfd7 10. f4 Nc6 11. O-O-O Nxd4 12. Bxd4 e6 13. h4 f6 14. h5 fxe5 15.
fxe5 g5 16. h6 Bxe5 17. Bxe5 Nxe5 18. Rh5 Rf4 19. g3 Rf5 20. Bh3 Rf7 21. Rxg5+
Ng6 22. Qd3 {elvikingo resigns} 0-1

[Event "ICS rated blitz match"]
[Site "204.178.125.65"]
[Date "1999.08.27"]
[Round "?"]
[White "elvikingo"]
[Black "Hossa"]
[Result "0-1"]
[WhiteElo "2083"]
[BlackElo "2369"]
[PlyCount "30"]
[EventDate "1999.??.??"]

1. d4 Nf6 2. Nf3 e6 3. e3 d5 4. Bd3 Bb4+ 5. c3 Bd6 6. O-O O-O 7. Nbd2 c5 8. Qe2
Nc6 9. dxc5 Bxc5 10. e4 Kh8 11. exd5 exd5 12. Ne5 Nxe5 13. Qxe5 Ng4 14. Qh5 g6
15. Qh3 15... Nxf2 {elvikingo resigns} 0-1

[Event "ICS rated blitz match"]
[Site "204.178.125.65"]
[Date "1999.09.02"]
[Round "?"]
[White "elvikingo"]
[Black "Hossa"]
[Result "0-1"]
[WhiteElo "2077"]
[BlackElo "2493"]
[PlyCount "62"]
[EventDate "1999.??.??"]

1. e4 c5 2. Nf3 d6 3. d4 cxd4 4. Nxd4 Nf6 5. Nc3 g6 6. f3 Bg7 7. Be3 O-O 8. Qd2
d5 9. e5 Nfd7 10. f4 g5 11. g3 Nc6 12. h4 gxf4 13. gxf4 Nb6 14. O-O-O Bg4 15.
Qg2 h5 16. Be2 Qd7 17. Rhg1 f5 18. exf6 exf6 19. Bxg4 hxg4 20. Qxg4 Qxg4 21.
Rxg4 Nc4 22. Rdg1 Nxe3 23. Rxg7+ Kh8 24. Rxb7 Nxd4 25. Rgg7 Ne6 26. Rh7+ Kg8
27. Nxd5 Nxd5 28. f5 Nec7 29. c4 Kxh7 30. cxd5 Rac8 31. d6 31... Rf7 {
elvikingo resigns} 0-1

[Event "ICS rated blitz match"]
[Site "204.178.125.65"]
[Date "1999.09.02"]
[Round "?"]
[White "elvikingo"]
[Black "Hossa"]
[Result "1/2-1/2"]
[WhiteElo "2067"]
[BlackElo "2501"]
[PlyCount "120"]
[EventDate "1999.??.??"]

1. e4 c5 2. Nf3 d6 3. d4 cxd4 4. Nxd4 Nf6 5. Nc3 g6 6. Be3 Bg7 7. f3 O-O 8. Qd2
d5 9. e5 Nfd7 10. f4 Nc6 11. O-O-O Nxd4 12. Bxd4 e6 13. h4 f6 14. h5 fxe5 15.
fxe5 g5 16. h6 Bxe5 17. Bxe5 Nxe5 18. Rh5 Rf4 19. g3 Rf5 20. Bh3 Rf8 21. Rxg5+
Ng6 22. Bg4 b6 23. Bh5 Kf7 24. Bxg6+ hxg6 25. Rf1+ Ke8 26. Rxf8+ Kxf8 27. Qf4+
Ke7 28. Rxg6 Kd7 29. Rg7+ Kc6 30. Qa4+ Kc5 31. Qb5+ Kd6 32. h7 Bd7 33. Qb4+ Kc7
34. Nb5+ Kc6 35. Nd4+ Kb7 36. Nxe6 Qe8 37. Nc5+ Kc6 38. Nxd7 Qe3+ 39. Qd2 Qg1+
40. Qd1 Qe3+ 41. Kb1 Rh8 42. Nb8+ Rxb8 43. Rg8 Qh6 44. h8=Q Qxh8 45. Rxh8 Rxh8
46. Qg1 a5 47. g4 b5 48. g5 Rh7 49. g6 Rg7 50. Qg5 Rg8 51. Qf6+ Kc5 52. g7 Rxg7
53. Qxg7 Kc6 54. Qe5 a4 55. b3 axb3 56. cxb3 Kc5 57. a4 bxa4 58. bxa4 Kc6 59.
Kc2 Kc5 60. Qxd5+ 60... Kxd5 {
elvikingo ran out of time and Hossa has no material to mate} 1/2-1/2

[Event "ICS rated blitz match"]
[Site "204.178.125.65"]
[Date "1999.09.02"]
[Round "?"]
[White "elvikingo"]
[Black "Hossa"]
[Result "0-1"]
[WhiteElo "2090"]
[BlackElo "2482"]
[PlyCount "64"]
[EventDate "1999.??.??"]

1. e4 c5 2. Nf3 d6 3. d4 cxd4 4. Nxd4 Nf6 5. Nc3 g6 6. Be3 Bg7 7. f3 O-O 8. Qd2
d5 9. e5 Nfd7 10. f4 Nc6 11. O-O-O Nxd4 12. Bxd4 e6 13. h4 f6 14. h5 fxe5 15.
fxe5 g5 16. h6 Bxe5 17. Bxe5 Nxe5 18. Rh5 Rf4 19. g3 Rf5 20. Bh3 Rf7 21. Rxg5+
Ng6 22. Bg4 Bd7 23. Bh5 Rf2 24. Ne2 Be8 25. Bxg6 Bxg6 26. Qe3 Qxg5 27. Qxg5
Rxe2 28. Rf1 Rxc2+ 29. Kd1 Rac8 30. Qf6 Bh5+ 31. Ke1 Re2+ 32. Kd1 32... Rf2+ {
elvikingo resigns} 0-1

[Event "ICS rated blitz match"]
[Site "204.178.125.65"]
[Date "1999.09.03"]
[Round "?"]
[White "elvikingo"]
[Black "Hossa"]
[Result "0-1"]
[WhiteElo "2077"]
[BlackElo "2577"]
[PlyCount "52"]
[EventDate "1999.??.??"]

1. e4 c6 2. d4 d5 3. exd5 cxd5 4. Nf3 Bg4 5. Bd3 e6 6. O-O Bd6 7. c3 Nc6 8.
Nbd2 Nge7 9. Qc2 Bf5 10. Bxf5 Nxf5 11. Ne5 Bxe5 12. dxe5 Nxe5 13. Re1 f6 14. f4
Qb6+ 15. Kh1 Qf2 16. Rf1 Qxg2+ 17. Kxg2 Ne3+ 18. Kg3 Nxc2 19. fxe5 Nxa1 20.
exf6 gxf6 21. Rxf6 Rg8+ 22. Kh3 Ke7 23. Rh6 Rg1 24. Rxh7+ Kf6 25. Nb3 Nxb3 26.
Be3 26... Re1 {elvikingo resigns} 0-1

[Event "ICS rated blitz match"]
[Site "204.178.125.65"]
[Date "1999.08.31"]
[Round "?"]
[White "elvikingo"]
[Black "Hossa"]
[Result "0-1"]
[WhiteElo "2110"]
[BlackElo "2485"]
[PlyCount "60"]
[EventDate "1999.??.??"]

1. e4 c5 2. Nf3 d6 3. Bb5+ Bd7 4. Bxd7+ Nxd7 5. O-O Ngf6 6. d4 Nxe4 7. Re1 d5
8. dxc5 e6 9. b4 a5 10. c3 Be7 11. Nfd2 Nxd2 12. Nxd2 axb4 13. cxb4 Bf6 14. Rb1
O-O 15. Qb3 Bh4 16. Nf3 Qe7 17. Nxh4 Qxh4 18. Bb2 Nb8 19. b5 Rd8 20. Be5 Ra4
21. Bxb8 Rxb8 22. c6 bxc6 23. bxc6 Rxb3 24. c7 Ra8 25. Rxb3 Qf4 26. Rb7 Rc8 27.
g3 Qc4 28. Reb1 Rxc7 29. Rb8+ Rc8 30. Rxc8+ 30... Qxc8 {elvikingo resigns} 0-1

[Event "ICS rated blitz match"]
[Site "204.178.125.65"]
[Date "1999.09.02"]
[Round "?"]
[White "elvikingo"]
[Black "Hossa"]
[Result "0-1"]
[WhiteElo "2033"]
[BlackElo "2486"]
[PlyCount "90"]
[EventDate "1999.??.??"]

1. e4 c5 2. Nf3 d6 3. d4 cxd4 4. Nxd4 Nf6 5. Nc3 g6 6. Be3 Bg7 7. f3 O-O 8. Qd2
d5 9. e5 Nfd7 10. f4 Nc6 11. O-O-O Nxd4 12. Bxd4 e6 13. h4 f6 14. h5 fxe5 15.
fxe5 g5 16. h6 Bxe5 17. Bxe5 Nxe5 18. Rh5 Rf4 19. g3 Rf5 20. Bh3 Rf7 21. Rxg5+
Ng6 22. Bg4 Bd7 23. Bh5 Rf2 24. Rxg6+ hxg6 25. Qxf2 Qg5+ 26. Kb1 gxh5 27. h7+
Kg7 28. Ne4 Qe7 29. Qd4+ Kxh7 30. Nf6+ Kg6 31. Nxd7 Qxd7 32. Rf1 Qe7 33. Qd3+
Kh6 34. Qe3+ Kg6 35. Qf4 Re8 36. g4 h4 37. g5 a5 38. Qxh4 Qxg5 39. Qf2 Qf5 40.
Rg1+ Kf7 41. Qh4 Rc8 42. Qh2 e5 43. Qg2 Ke6 44. Rf1 Qh5 45. Qf3 45... Qxf3 {
elvikingo resigns} 0-1

[Event "ICS rated blitz match"]
[Site "204.178.125.65"]
[Date "1999.08.31"]
[Round "?"]
[White "elvikingo"]
[Black "Hossa"]
[Result "0-1"]
[WhiteElo "2117"]
[BlackElo "2478"]
[PlyCount "36"]
[EventDate "1999.??.??"]

1. d4 f5 2. f4 d5 3. e3 Nf6 4. Nf3 e6 5. Bd3 Bb4+ 6. c3 Bd6 7. Ne5 O-O 8. O-O
Nbd7 9. Nxd7 Bxd7 10. b3 Ne4 11. Bxe4 fxe4 12. Ba3 Bxa3 13. Nxa3 c5 14. Nc2 Rc8
15. b4 cxd4 16. Nxd4 Rxc3 17. Qd2 Rd3 18. Qf2 18... e5 {elvikingo resigns} 0-1

[Event "ICS rated blitz match"]
[Site "204.178.125.65"]
[Date "1999.08.30"]
[Round "?"]
[White "elvikingo"]
[Black "Hossa"]
[Result "0-1"]
[WhiteElo "2175"]
[BlackElo "2483"]
[PlyCount "42"]
[EventDate "1999.??.??"]

1. d4 Nf6 2. e4 Nxe4 3. Nf3 d5 4. c4 e6 5. cxd5 exd5 6. Bd3 Bb4+ 7. Bd2 Nxd2 8.
Nbxd2 Bg4 9. Qa4+ Nc6 10. Ne5 Qg5 11. O-O Bh3 12. g3 Bxd2 13. Nxc6 O-O 14. f4
Qf6 15. Ne5 Bxf1 16. Rxf1 Be3+ 17. Kg2 Qb6 18. Qc2 Bxd4 19. Bxh7+ Kh8 20. Qf5
Bxe5 21. Qh5 21... Qh6 {elvikingo resigns} 0-1

[Event "ICS rated blitz match"]
[Site "204.178.125.65"]
[Date "1999.09.03"]
[Round "?"]
[White "elvikingo"]
[Black "Hossa"]
[Result "0-1"]
[WhiteElo "2108"]
[BlackElo "2553"]
[PlyCount "41"]
[EventDate "1999.??.??"]

1. e4 c6 2. d4 d5 3. exd5 cxd5 4. Nf3 Bg4 5. Bd3 e6 6. c3 Bd6 7. O-O Nc6 8. h3
Bxf3 9. Qxf3 Nf6 10. Bg5 Be7 11. Bxf6 Bxf6 12. Nd2 Bg5 13. Qe2 Rc8 14. f4 Bh6
15. f5 e5 16. dxe5 Qb6+ 17. Kh1 Qxb2 18. Rad1 Qxc3 19. e6 O-O 20. f6 Nd4 21.
fxg7 {elvikingo resigns} 0-1

[Event "ICS rated blitz match"]
[Site "204.178.125.65"]
[Date "1999.09.02"]
[Round "?"]
[White "elvikingo"]
[Black "Hossa"]
[Result "0-1"]
[WhiteElo "2041"]
[BlackElo "2478"]
[PlyCount "32"]
[EventDate "1999.??.??"]

1. e4 c5 2. Nf3 d6 3. d4 cxd4 4. Nxd4 Nf6 5. Nc3 g6 6. Be3 Bg7 7. f3 O-O 8. Bc4
Nc6 9. Qd2 Nxd4 10. Bxd4 e5 11. Be3 Be6 12. Bxe6 fxe6 13. Bh6 Nxe4 14. Nxe4
Qh4+ 15. Kf1 Bxh6 16. Qxd6 16... Qxe4 {elvikingo resigns} 0-1

[Event "ICS rated blitz match"]
[Site "204.178.125.65"]
[Date "1999.09.06"]
[Round "?"]
[White "elvikingo"]
[Black "Hossa"]
[Result "0-1"]
[WhiteElo "2013"]
[BlackElo "2540"]
[PlyCount "21"]
[EventDate "1999.??.??"]

1. e4 c5 2. Nf3 d6 3. d4 cxd4 4. Nxd4 Nf6 5. Nc3 g6 6. f3 Bg7 7. Be3 O-O 8. Qd2
d5 9. e5 Nfd7 10. f4 g5 11. h4 {elvikingo resigns} 0-1

[Event "ICS rated blitz match"]
[Site "204.178.125.65"]
[Date "1999.09.02"]
[Round "?"]
[White "elvikingo"]
[Black "Hossa"]
[Result "0-1"]
[WhiteElo "2084"]
[BlackElo "2488"]
[PlyCount "44"]
[EventDate "1999.??.??"]

1. e4 c5 2. Nf3 d6 3. d4 cxd4 4. Nxd4 Nf6 5. Nc3 g6 6. Be3 Bg7 7. f3 O-O 8. Qd2
d5 9. e5 Nfd7 10. f4 Nc6 11. h4 Nb6 12. h5 g5 13. h6 Bh8 14. O-O-O gxf4 15.
Bxf4 f6 16. Nxc6 bxc6 17. Ne4 Bg4 18. Be2 Bf5 19. Ng3 fxe5 20. Bg5 Bg6 21. Rhf1
Bf6 22. Bh5 22... Nc4 {elvikingo resigns} 0-1